<?xml version="1.0" encoding="UTF-8"?>
<marc:record xmlns:marc="http://www.loc.gov/MARC21/slim">
   <marc:leader>00000nam a2200000 a 4500</marc:leader>
   <marc:datafield ind1="1" ind2=" " tag="100">
      <marc:subfield code="a">Holbe, Daniel</marc:subfield>
      <marc:subfield code="4">aut</marc:subfield>
      <marc:subfield code="e">Verfasser/-in</marc:subfield>
   </marc:datafield>
   <marc:datafield ind1="0" ind2="0" tag="245">
      <marc:subfield code="a">Der Fleischer</marc:subfield>
   </marc:datafield>
   <marc:datafield ind1="0" ind2="0" tag="245">
      <marc:subfield code="b">Thriller</marc:subfield>
   </marc:datafield>
   <marc:datafield ind1="0" ind2="0" tag="245">
      <marc:subfield code="c">Daniel Holbe</marc:subfield>
   </marc:datafield>
   <marc:datafield ind1=" " ind2="1" tag="264">
      <marc:subfield code="a">München</marc:subfield>
      <marc:subfield code="b">Knaur Taschenbuch</marc:subfield>
      <marc:subfield code="c">2021</marc:subfield>
   </marc:datafield>
   <marc:datafield ind1="1" ind2=" " tag="490">
      <marc:subfield code="a">Eiskalte Thriller</marc:subfield>
   </marc:datafield>
   <marc:datafield ind1=" " ind2=" " tag="250">
      <marc:subfield code="a">Originalausgabe</marc:subfield>
   </marc:datafield>
   <marc:datafield ind1="1" ind2=" " tag="520">
      <marc:subfield code="a">Angaben aus der Verlagsmeldung

Der Fleischer : Thriller Holbe, Der Fleischer / von Daniel Holbe

Ein Kurzthriller von Bestseller-Autor Daniel Holbe. Blutige Thriller-Spannung um einen Serienkiller, der seine Opfer grausam verstümmelt

Carlo Zingka, ein Profiler aus Berlin, wird in seine Heimatstadt versetzt, weil sich dort ein Serienmörder herumtreibt. Immer wieder redet man hinter vorgehaltener Hand über Kannibalismus, und immer wieder tauchen Leichenteile auf, die diesen Verdacht bestätigen. Noch hält die Polizei aber den Deckel drauf. Doch immer wieder verschwinden Menschen, spurlos, und das seit über 20 Jahren. Ist es tatsächlich derselbe Mörder, der da sein Unwesen treibt? Ist es jemand, der die nahe gelegene Fleischfabrik für sein Unwesen missbraucht? Und warum findet man gehäutete Körperteile, an denen das Fleisch aber noch erhalten ist? Den Ermittlern kommt ein grauenhafter Verdacht ...

Spannend und nervenzerfetzend - der Bestseller-Autor von einer etwas anderen, blutigeren Seite - für die rasante Spannung zwischendurch!
</marc:subfield>
   </marc:datafield>
   <marc:datafield ind1=" " ind2=" " tag="020">
      <marc:subfield code="a">9783426527382</marc:subfield>
      <marc:subfield code="9">9783426527382</marc:subfield>
   </marc:datafield>
   <marc:datafield ind1=" " ind2=" " tag="020">
      <marc:subfield code="a">3426527383</marc:subfield>
      <marc:subfield code="9">3426527383</marc:subfield>
   </marc:datafield>
   <marc:datafield ind1=" " ind2=" " tag="041">
      <marc:subfield code="a">ger</marc:subfield>
   </marc:datafield>
   <marc:datafield ind1=" " ind2=" " tag="300">
      <marc:subfield code="a">91 Seiten</marc:subfield>
   </marc:datafield>
</marc:record>
